American Food - Sudden Death - Statistics

General Stats
  • This quiz has been taken 418 times
  • The average score is 4 of 16
Answers on the Grid
Answers color-coded by a green-red scale on the quiz's grid according to % correct below.
Chicken nuggets
Italian hot dog
Jerk chicken
Club Sandwich
Praline
Garbage plate
Wonton
Lox
Philly cheesesteak
Nachos
Pecan pie
Eggs Benedict
Fish and chips
Hawaiian pizza
Jambalaya
Cannelloni
Crab Louie
Fondue
Glorified rice
Poutine
Bulgogi
Poke
Clam chowder
Étouffée
Dressed herring
Deep-dish
Empanadas
Funeral potatoes
 
Answer Stats
Answer % Correct
Philly cheesesteak
54%
Chicken nuggets
51%
Club Sandwich
47%
Pecan pie
46%
Deep-dish
40%
Clam chowder
38%
Jambalaya
31%
Garbage plate
24%
Italian hot dog
21%
Funeral potatoes
20%
Eggs Benedict
19%
Crab Louie
16%
Lox
12%
Poke
10%
Glorified rice
9%
Étouffée
7%
No matching quizzes found
Score Distribution
Percent of People with Each Score
Percentile by Number Answered
Your Score History
You have not taken this quiz